HUMAN PHYSIOLOGY AND BIOCHEMISTRY (Record no. 1484)
[ view plain ]
| 000 -LEADER | |
|---|---|
| fixed length control field | 00352nam a2200145Ia 4500 |
| 008 - FIXED-LENGTH DATA ELEMENTS--GENERAL INFORMATION | |
| fixed length control field | 150201s2002 xx 000 0 und d |
| 082 ## - DEWEY DECIMAL CLASSIFICATION NUMBER | |
| Classification number | 612 |
| Item number | H02J |
| 100 ## - MAIN ENTRY--PERSONAL NAME | |
| Personal name | JAIN , A.K. |
| 245 ## - TITLE STATEMENT | |
| Title | HUMAN PHYSIOLOGY AND BIOCHEMISTRY |
| 250 ## - EDITION STATEMENT | |
| Edition statement | 1ST |
| 260 ## - PUBLICATION, DISTRIBUTION, ETC. (IMPRINT) | |
| Name of publisher, distributor, etc. | ARYA PUB. |
| Place of publication, distribution, etc. | DELHI |
| Date of publication, distribution, etc. | 2002 |
| 300 ## - PHYSICAL DESCRIPTION | |
| Extent | 1-574 |
| 650 ## - SUBJECT ADDED ENTRY--TOPICAL TERM | |
| Topical term or geographic name as entry element | HUMAN PHYSIOLOGY |
| 942 ## - ADDED ENTRY ELEMENTS (KOHA) | |
| Source of classification or shelving scheme | Dewey Decimal Classification |
| Koha item type | Books |
| Koha issues (borrowed), all copies | 20 |
| Withdrawn status | Lost status | Source of classification or shelving scheme | Damaged status | Not for loan | Collection code | Home library | Current library | Shelving location | Date acquired | Source of acquisition | Cost, normal purchase price | SGTU | Total Checkouts | Full call number | Barcode | Date last seen | Date last checked out | Bill Date | Koha item type |
|---|---|---|---|---|---|---|---|---|---|---|---|---|---|---|---|---|---|---|---|
| Dewey Decimal Classification | MEDICAL | SGT Medical Library | SGT Medical Library | Text Book | 20/03/2013 | UBS DELHI | 392.00 | SGTU | 13 | 612 H02J | FM5356 | 24/06/2023 | 13/06/2023 | 20/03/2013 | Books | ||||
| Dewey Decimal Classification | MEDICAL | SGT Medical Library | SGT Medical Library | Text Book | 20/03/2013 | UBS DELHI | 392.00 | SGTU | 13 | 612 H02J | FM5357 | 24/03/2026 | 09/03/2026 | 20/03/2013 | Books | ||||
| Dewey Decimal Classification | MEDICAL | SGT Medical Library | SGT Medical Library | Text Book | 20/03/2013 | UBS DELHI | 392.00 | SGTU | 8 | 612 H02J | FM5358 | 19/06/2023 | 01/06/2023 | 20/03/2013 | Books |